College Quizbowl Stats
College Quizbowl Stats
Circuits
Seasons
Sets
Records
Detailed Stats
About
Loading...
2024 Penn Bowl UNC
Tossups
Bonuses
Players
Teams
Categories (Tossup)
Categories (Bonus)
Vedang Singhal
North Carolina A
Categories
Category
Powers
Gets
Negs
BBs
Points
Earliest Buzz
Avg. Buzz
First Buzzes
Top 3 Buzzes
BPA
PVF
History - Other
0
1
0
0
10
96
96.00
1
1
0.00
0.00
Science - Biology
0
1
1
0
5
99
99.00
0
1
0.00
0.00
History - European
0
0
1
0
-5
0.00
0
0
0.00
0.00
Religion
0
0
1
0
-5
0.00
0
0
0.00
0.00
Buzzes
Category
Answer
Value
Buzz Position
Religion
Kali
-5
78
History - Other
military bases
10
96
Science - Biology
bacterial conjugation
10
99
History - European
Basque
-5
103
Science - Biology
eusociality
-5
106
Previous
1
Next